COMMUNICATION SKILLS INSTANTLY (Record no. 77892)

MARC details
000 -LEADER
fixed length control field 00452nam a2200181Ia 4500
008 - FIXED-LENGTH DATA ELEMENTS--GENERAL INFORMATION
fixed length control field 090123s9999 xx 000 0 und d
082 ## - DEWEY DECIMAL CLASSIFICATION NUMBER
Item number 39820
100 ## - MAIN ENTRY--PERSONAL NAME
Personal name JO CONDRILL
245 ## - TITLE STATEMENT
Title COMMUNICATION SKILLS INSTANTLY
250 ## - EDITION STATEMENT
Edition statement 0
260 ## - PUBLICATION, DISTRIBUTION, ETC. (IMPRINT)
Name of publisher, distributor, etc JAICO PUBLISHING HOUSE
300 ## - PHYSICAL DESCRIPTION
Extent 32
600 ## - SUBJECT ADDED ENTRY--PERSONAL NAME
Personal name JO CONDRILL
630 ## - SUBJECT ADDED ENTRY--UNIFORM TITLE
Uniform title COMMUNICATION SKILLS INSTANTLY
700 ## - ADDED ENTRY--PERSONAL NAME
Personal name JO CONDRILL
730 ## - ADDED ENTRY--UNIFORM TITLE
Uniform title COMMUNICATION SKILLS INSTANTLY
942 ## - ADDED ENTRY ELEMENTS (KOHA)
Koha item type Book
Holdings
Withdrawn status Lost status Damaged status Not for loan Home library Current library Date acquired Cost, normal purchase price Total Checkouts Full call number Barcode Date last seen Cost, replacement price Price effective from Koha item type
        Jawahar Wachalanalaya, Kalwa Jawahar Wachalanalaya, Kalwa 08/21/2006 0.00   39820 KLW-39820 01/23/2009 0.00 01/23/2009 Book